[Event "It (open)"]
[Site "masterchessopen.com Braunfels (Germany)"]
[Round "0"]
[White "Kriesch Achim (GER)"]
[Black "Swoboda Peter (GER)"]
[Result "1-0"]
[WhiteElo "1981"]
[BlackElo "2007"]

1.d4 Nf6 2.c4 e6 3.Nc3 d5 4.e3 c6 5.Nf3 Nbd7 6.Be2 dxc4 7.Bxc4 Bb4 8.O-O O-O
9.Bd2 Nb6 10.Bb3 Nbd5 11.Re1 Nxc3 12.bxc3 Bd6 13.e4 Bc7 14.Bg5 h6 15.Bh4 g5
16.Bg3 Bxg3 17.fxg3 Nd7 18.e5 c5 19.Bc2 cxd4 20.Qd3 f5 21.exf6 Nxf6 22.Qg6+
Kh8 23.Qxh6+ Kg8 24.Nxg5 Qe7 25.cxd4 b6 26.Re5 Qd7 27.Nxe6 {#r} 1-0

[Event "Ch France (team) (juniors)"]
[Site "masterchessopen.com France"]
[Round "7"]
[White "Canet Mathieu (FRA)"]
[Black "Gallissot Alexandre (MNC)"]
[Result "0-1"]
[WhiteElo "1969"]
[BlackElo "2099"]

1.d4 d5 2.Nf3 Nf6 3.c4 c6 4.Nc3 e6 5.e3 Nbd7 6.Bd3 dxc4 7.Bxc4 b5 8.Bd3 Bb7
9.O-O a6 10.b3 c5 11.Bb2 Bd6 12.Re1 O-O 13.Qe2 Bb8 14.e4 cxd4 15.Nxd4 Ne5
16.f4 Qxd4+ 17.Kh1 Nxd3 18.Rf1 Nxb2 19.Qxb2 Nxe4 20.Nd1 Qxb2 21.Nxb2 e5
22.fxe5 Bxe5 23.Nd3 Bxa1 24.Rxa1 Rfd8 {#R} 0-1

[Event "Bundesliga"]
[Site "masterchessopen.com Germany"]
[Round "0"]
[White "Gschnitzer Oswald (GER)"]
[Black "Metz Hartmut (GER)"]
[Result "1-0"]
[WhiteElo "2420"]
[BlackElo "2285"]

1.d4 c6 2.c4 d5 3.e3 Nf6 4.Nc3 e6 5.Nf3 Nbd7 6.Bd3 dxc4 7.Bxc4 b5 8.Be2 Bb7
9.O-O a6 10.e4 c5 11.e5 Nd5 12.a4 b4 13.Nxd5 Bxd5 14.Be3 cxd4 15.Qxd4 Bc5
16.Qg4 Bf8 17.Rfd1 g6 18.Rxd5 exd5 19.e6 Nf6 20.exf7+ Kxf7 21.Ng5+ Kg7 22.Ne6+
Kg8 23.Nxd8 Nxg4 24.Bxg4 Bg7 25.Be6+ Kf8 26.Bc5+ Ke8 27.Nf7 Rf8 28.Bxd5 {#r}
1-0

[Event "It (open) (juniors)"]
[Site "masterchessopen.com Hollabrunn (Austria)"]
[Round "7"]
[White "Filip Lucian (ROM)"]
[Black "Adamkova Stepanka (CZE)"]
[Result "1-0"]
[WhiteElo "2483"]
[BlackElo "2066"]

1.d4 c6 2.c4 d5 3.Nf3 Nd7 4.Nc3 e6 5.e3 Ngf6 6.Bd3 dxc4 7.Bxc4 Nb6 8.Bd3 Qc7
9.Qc2 Bd7 10.O-O Rc8 11.e4 h6 12.Re1 Be7 13.Qe2 a6 14.a4 Rd8 15.Bd2 g5 16.Rac1
Qb8 17.a5 Na8 18.Na4 Nc7 19.Nb6 Bc8 20.Bc3 O-O 21.e5 Nfd5 22.Qe4 f5 23.exf6
Rxf6 24.Qh7+ Kf8 25.Qh8+ {#r} 1-0

[Event "It (open)"]
[Site "masterchessopen.com Karlovy Vary (Czech Republic)"]
[Round "0"]
[White "Volak Michal (CZE)"]
[Black "Vavrousek Petr (CZE)"]
[Result "1-0"]
[WhiteElo "2171"]
[BlackElo "1839"]

1.d4 d5 2.c4 c6 3.Nf3 Nf6 4.Nc3 e6 5.e3 Nbd7 6.Bd3 dxc4 7.Bxc4 b5 8.Bd3 Bb7
9.e4 b4 10.Na4 c5 11.e5 Nd5 12.Nxc5 Bxc5 13.dxc5 Nxc5 14.Bb5+ Nd7 15.O-O O-O
16.Bg5 f6 17.exf6 gxf6 18.Bh6 Rf7 19.Nd4 f5 20.Re1 Nc7 21.Nxe6 Nxe6 22.Rxe6 a6
23.Bc4 Rc8 24.Qd4 Qc7 25.Re8+ Rxe8 26.Qg7# 1-0

[Event "Ch Malaga"]
[Site "masterchessopen.com Malaga (Spain)"]
[Round "3"]
[White "Linan Baena Jeronimo (ESP)"]
[Black "Bouzo Alvarez J A (ESP)"]
[Result "1-0"]
[WhiteElo "2136"]
[BlackElo "2199"]

1.d4 d5 2.c4 c6 3.Nf3 Nf6 4.Nc3 e6 5.e3 Nbd7 6.Bd3 dxc4 7.Bxc4 b5 8.Bd3 b4
9.Ne4 Bb7 10.O-O Qb6 11.Ned2 c5 12.Nc4 Qc7 13.Nfe5 Be7 14.Bd2 O-O 15.Qc2 Rac8
16.Rac1 cxd4 17.exd4 Nxe5 18.dxe5 Ng4 19.Bxh7+ Kh8 20.Qd1 f5 21.Nd6 Qb6
22.Nxc8 Bxc8 23.Bg6 Kg8 24.Be3 Qa5 25.Rxc8 Rxc8 26.Qd7 Qc7 27.Qxe6+ Kh8
28.Bxf5 Nxe3 {#r} 1-0

[Event "It (open)"]
[Site "masterchessopen.com Mataro (Spain)"]
[Round "0"]
[White "Gonzalez Acosta Angel (ESP)"]
[Black "Parra Dolz Mario (ESP)"]
[Result "0-1"]
[WhiteElo "2055"]
[BlackElo "2053"]

1.c4 Nf6 2.Nc3 d5 3.e3 e6 4.d4 c6 5.Nf3 Nbd7 6.Bd3 dxc4 7.Bxc4 b5 8.Bd3 Bb7
9.Bd2 a6 10.a3 c5 11.O-O cxd4 12.Nxd4 Nc5 13.Be2 Bd6 14.b4 Nce4 15.Nxe4 Nxe4
16.Rc1 O-O 17.Bf3 Qf6 18.Rc2 Rfd8 19.Qe2 Bd5 20.Bc1 Qe5 21.g3 Bc4 22.Rxc4 bxc4
23.Nc6 Qf5 24.Nxd8 Rxd8 25.Bb2 Rc8 26.Rc1 h5 27.Qd1 Bf8 {#R} 0-1

[Event "Ch Australia"]
[Site "masterchessopen.com Melbourne (Australia)"]
[Round "6"]
[White "Kagan Naum (AUS)"]
[Black "Dwyer Daniel (AUS)"]
[Result "1-0"]
[WhiteElo "2260"]
[BlackElo "2190"]

1.d4 d5 2.Nf3 Nf6 3.c4 c6 4.e3 e6 5.Nc3 Nbd7 6.Bd3 dxc4 7.Bxc4 b5 8.Bd3 Bb7
9.a3 a6 10.b4 a5 11.bxa5 Qxa5 12.Bb2 Nd5 13.Qb3 Nxc3 14.Bxc3 Qa4 15.Qb1 Nb6
16.O-O Nd5 17.Bd2 h6 18.e4 Nb6 19.d5 exd5 20.exd5 Nxd5 21.Re1+ Be7 22.Be4 c5
23.Qb2 Kf8 24.Qe5 f6 25.Qf5 Rd8 26.Ne5 Qd4 27.Ng6+ Kg8 28.Qe6+ {#r} 1-0

[Event "Ch Hungary (juniors) (under 10)"]
[Site "masterchessopen.com Paks (Hungary)"]
[Round "9"]
[White "Balogh Marian (SVK)"]
[Black "Lengyel Bela (HUN)"]
[Result "1-0"]
[WhiteElo "2236"]
[BlackElo "2385"]

1.d4 d5 2.c4 c6 3.Nf3 Nf6 4.e3 e6 5.Nc3 Nbd7 6.Bd3 dxc4 7.Bxc4 b5 8.Bd3 Bb7
9.O-O Be7 10.e4 b4 11.Ne2 c5 12.Qc2 Rc8 13.Qb1 c4 14.Bc2 b3 15.axb3 cxb3
16.Bd3 Ra8 17.Ng3 Qc7 18.Be3 O-O 19.e5 Ne8 20.Bxh7+ Kh8 21.Be4 Bxe4 22.Qxe4
Rb8 23.Bg5 f6 24.exf6 Nexf6 25.Qh4+ Kg8 26.Ne5 Rb4 27.Ng6 {#r} 1-0

[Event "Ch State Sao Paulo"]
[Site "masterchessopen.com Sao Caetano (Brazil)"]
[Round "6"]
[White "De Souza Mauro (BRA)"]
[Black "D'Israel Davy (ARG)"]
[Result "1-0"]
[WhiteElo "2405"]
[BlackElo "2240"]

1.d4 d5 2.c4 c6 3.e3 e6 4.Nc3 Nf6 5.Nf3 Nbd7 6.Bd3 dxc4 7.Bxc4 b5 8.Be2 Bb7
9.e4 b4 10.e5 bxc3 11.exf6 cxb2 12.fxg7 Bxg7 13.Bxb2 Qa5+ 14.Nd2 Bh6 15.Bc1
Rg8 16.O-O Qg5 17.Bf3 Bf8 18.Rb1 Nb6 19.Ne4 Qg6 20.Bg5 Be7 21.Bxe7 Kxe7 22.Qd2
Kf8 23.Qc3 Rd8 24.Qa3+ Kg7 25.Qxa7 {#r} 1-0

[Event "Ch Sweden (team) 1998/99"]
[Site "masterchessopen.com Sweden"]
[Round "4"]
[White "Akvist Hakan (SWE)"]
[Black "Delveborn Ingemar (SWE)"]
[Result "1-0"]
[WhiteElo "2130"]
[BlackElo "2233"]

1.d4 d5 2.c4 c6 3.e3 Nf6 4.Nc3 e6 5.Nf3 Nbd7 6.Bd3 dxc4 7.Bxc4 b5 8.Bb3 a6
9.O-O Bb7 10.a4 b4 11.Ne2 c5 12.Nf4 Bd6 13.e4 Nxe4 14.d5 e5 15.Re1 Nef6
16.Nxe5 Nxe5 17.Nd3 O-O 18.Nxe5 Qc7 19.Ng4 Nxg4 20.Qxg4 Bxh2+ 21.Kh1 Be5
22.Bg5 Rfe8 23.Re2 Qd6 24.Rae1 Kf8 25.Qf5 g6 26.Qe4 Bxb2 27.Bh6+ Bg7 28.Qxe8+
{#r} 1-0

[Event "Staatsliga B South 1998/99"]
[Site "masterchessopen.com Austria"]
[Round "7"]
[White "Ftacnik Lubomir (SVK)"]
[Black "Siklosi Zoltan (HUN)"]
[Result "1-0"]
[WhiteElo "2589"]
[BlackElo "2337"]

1.c4 e6 2.Nf3 d5 3.d4 Nf6 4.Nc3 c6 5.e3 Nbd7 6.Bd3 dxc4 7.Bxc4 b5 8.Be2 a6
9.e4 b4 10.e5 bxc3 11.exf6 Nxf6 12.bxc3 Bd6 13.O-O Qc7 14.c4 c5 15.dxc5 Bxc5
16.Bb2 Bb7 17.Be5 Qc6 18.Rb1 Rd8 19.Qc1 Be7 20.Qb2 Ba8 21.Rfc1 O-O 22.Ne1 Qc8
23.Bf3 Bxf3 24.Nxf3 Rd3 25.Qe2 Rdd8 26.c5 Nd5 27.c6 f6 28.Rb8 {#r} 1-0

[Event "It (open) \"]
[Site "masterchessopen.com Brazil"]
[Round "0"]
[White "Schiavo Marcelo (BRA)"]
[Black "Rios Filho Hilton Carlos (BRA)"]
[Result "0-1"]
[WhiteElo "2061"]
[BlackElo "2278"]

1.d4 Nf6 2.Nf3 d5 3.c4 c6 4.e3 e6 5.Nc3 Nbd7 6.Bd3 dxc4 7.Bxc4 b5 8.Bd3 Bb7
9.e4 b4 10.e5 bxc3 11.exf6 cxb2 12.fxg7 bxa1=Q 13.gxh8=Q Qa5+ 14.Bd2 Qxd1+
15.Kxd1 Qxa2 16.Qxh7 Qa1+ 17.Bc1 Ba3 18.Qh8+ Ke7 19.Qh4+ Nf6 20.Qf4 Nd5
21.Qg5+ f6 22.Qg7+ Kd6 23.Qg3+ Kd7 24.Qg7+ Kc8 25.Qg8+ Kc7 26.Qg7+ Kb6 27.Qh6
Rh8 {#R} 0-1

[Event "It (open) \"]
[Site "masterchessopen.com Budapest (Hungary)"]
[Round "1"]
[White "Ji Yunqi (CHN)"]
[Black "Tokmachev I"]
[Result "1-0"]
[WhiteElo "2204"]
[BlackElo "1950"]

1.d4 d5 2.c4 c6 3.e3 Nf6 4.Nc3 e6 5.Bd3 Nbd7 6.Nf3 dxc4 7.Bxc4 b5 8.Bd3 Bd6
9.O-O O-O 10.b3 a6 11.Bb2 Re8 12.Rc1 Bb7 13.Qe2 c5 14.Rfd1 Rc8 15.Bb1 Qb6
16.Ng5 Bb8 17.Nce4 h6 18.dxc5 Qc7 19.Nxf6+ Nxf6 20.Nf3 Nd7 21.Qd3 Bxf3 22.Qh7+
Kf8 23.gxf3 Qxh2+ 24.Kf1 Nf6 25.Bxf6 gxf6 26.Rd7 {#r} 1-0

[Event "It (open)"]
[Site "masterchessopen.com Cali (Colombia)"]
[Round "1"]
[White "Cardona Fabio (COL)"]
[Black "Mosquera Miguel (COL)"]
[Result "0-1"]
[WhiteElo "2095"]
[BlackElo "2315"]

1.d4 d5 2.c4 c6 3.e3 Nf6 4.Nc3 e6 5.Bd3 Nbd7 6.Nf3 dxc4 7.Bxc4 b5 8.Bd3 Bb7
9.O-O b4 10.Ne4 Be7 11.Bd2 O-O 12.Rc1 c5 13.Nxf6+ Nxf6 14.Bb1 Rc8 15.dxc5 Rxc5
16.Rxc5 Bxc5 17.Bc1 Qa5 18.Nd2 Rd8 19.Nc4 Qc7 20.Qe2 Ne4 21.f3 Ba6 22.Qc2 Bxc4
23.Qxe4 f5 24.Qc2 Bxf1 25.Kxf1 Bb6 {#R} 0-1

[Event "It (matches)"]
[Site "masterchessopen.com Cannes (France)"]
[Round "1"]
[White "Lukov Valentin (BUL)"]
[Black "Coimbra Margarida (POR)"]
[Result "1-0"]
[WhiteElo "2458"]
[BlackElo "2066"]

1.Nf3 d5 2.c4 c6 3.e3 Nf6 4.Nc3 e6 5.d4 Nbd7 6.Bd3 dxc4 7.Bxc4 b5 8.Be2 Bb7
9.e4 a6 10.e5 Nd5 11.Nxd5 cxd5 12.a4 bxa4 13.Qxa4 Qb6 14.Bd2 Bc6 15.Qa5 Qxa5
16.Rxa5 Bb7 17.O-O Be7 18.Rfa1 O-O 19.Bxa6 Bxa6 20.Rxa6 Rxa6 21.Rxa6 Rb8
22.Ra7 Rd8 23.Ba5 {#r} 1-0

[Event "It (open)"]
[Site "masterchessopen.com Fouesnant (France)"]
[Round "6"]
[White "Bujisho Benjamin (FRA)"]
[Black "Cleran Anthony (FRA)"]
[Result "1-0"]
[WhiteElo "2289"]
[BlackElo "1982"]

1.d4 d5 2.c4 c6 3.Nf3 Nf6 4.Nc3 e6 5.e3 Nbd7 6.Bd3 dxc4 7.Bxc4 b5 8.Bd3 Nb6
9.O-O Be7 10.a3 a5 11.e4 b4 12.axb4 Bxb4 13.Qe2 Qc7 14.Bg5 Be7 15.Rac1 Qa7
16.e5 Nfd5 17.Ne4 Nb4 18.Bxe7 Kxe7 19.Rfd1 N6d5 20.Qd2 Nxd3 21.Qg5+ Kf8 {#r}
1-0

[Event "Ch Norway (kl. masters)"]
[Site "masterchessopen.com Gausdal (Norway)"]
[Round "2"]
[White "Glenne Bjorn Erik (NOR)"]
[Black "Danielsen Arne (NOR)"]
[Result "0-1"]
[WhiteElo "2221"]
[BlackElo "2243"]

1.d4 d5 2.c4 e6 3.Nf3 c6 4.Nc3 Nf6 5.e3 Nbd7 6.Bd3 dxc4 7.Bxc4 b5 8.Bb3 b4
9.Ne2 Ba6 10.O-O c5 11.dxc5 Bxc5 12.Nfd4 Qb6 13.Re1 O-O 14.Nc2 Rfd8 15.Nf4 Ne5
16.Nd4 Bxd4 17.exd4 Rxd4 18.Qc2 Rc8 19.Qb1 Nfg4 20.Nxe6 Bd3 21.Be3 Nxe3 22.Qc1
Rxc1 23.Raxc1 fxe6 24.Rxe3 Re4 25.Rce1 Rxe3 26.Rxe3 Qd6 27.Bxe6+ Qxe6 {#R} 0-1

[Event "It (open)"]
[Site "masterchessopen.com Hamburg (Germany)"]
[Round "4"]
[White "Conrad Christian (GER)"]
[Black "Juckschat Paul (GER)"]
[Result "1-0"]
[WhiteElo "2209"]
[BlackElo "1908"]

1.d4 d5 2.Nf3 c6 3.c4 e6 4.e3 Nf6 5.Nc3 Nbd7 6.Bd3 dxc4 7.Bxc4 b5 8.Bd3 Bb7
9.O-O a6 10.a3 c5 11.Re1 Qb6 12.Bc2 Rd8 13.dxc5 Nxc5 14.Qe2 Nce4 15.Nxe4 Nxe4
16.Nd4 Be7 17.a4 e5 18.Nf5 g6 19.Nxe7 Kxe7 20.axb5 axb5 21.Kh1 Rhe8 22.f3 Nd6
23.e4 Kf8 24.Be3 Qc7 25.Qf2 Kg8 26.Bb6 {#r} 1-0

[Event "Ch Hungary (team) 1998/99 (3 liga)"]
[Site "masterchessopen.com Hungary"]
[Round "4"]
[White "Lengyel Ferenc (HUN)"]
[Black "Hajnal Gyula (HUN)"]
[Result "1-0"]
[WhiteElo "2248"]
[BlackElo "2078"]

1.d4 d5 2.c4 e6 3.Nc3 Nf6 4.Nf3 Nbd7 5.e3 c6 6.Bd3 dxc4 7.Bxc4 b5 8.Bd3 Bb7
9.O-O Be7 10.Qe2 O-O 11.e4 h6 12.e5 Nd5 13.Qe4 f5 14.exf6 Rxf6 15.Qh7+ Kf7
16.Ne5+ Nxe5 17.dxe5 Rf5 18.Bxf5 exf5 19.Bxh6 Bf8 20.Nxd5 Qxd5 21.Qxf5+ Kg8
22.Rfd1 Bc8 23.Qf4 Qe6 24.Rd8 Qe7 25.Bg5 Qc5 26.b4 Qc4 27.Rxf8+ {#r} 1-0

[Event "It (open)"]
[Site "masterchessopen.com Kalottumeringen (Norway)"]
[Round "0"]
[White "Hanssen Gunnar Berg (NOR)"]
[Black "Paulsen Viktor (NOR)"]
[Result "1-0"]
[WhiteElo "2276"]
[BlackElo "1971"]

1.Nf3 d5 2.d4 Nf6 3.c4 e6 4.Nc3 c6 5.e3 Nbd7 6.Bd3 dxc4 7.Bxc4 b5 8.Bd3 Bb7
9.O-O a6 10.e4 c5 11.d5 exd5 12.exd5 Nxd5 13.Nxd5 Bxd5 14.Bxb5 Bxf3 15.Bxd7+
Qxd7 16.Qxf3 Ra7 17.Bg5 f6 18.Bxf6 gxf6 19.Rad1 Qg7 20.Rfe1+ Be7 21.Qc6+ Kf7
22.Qe6+ Ke8 23.Qb6 Rd7 24.Qc6 {#r} 1-0

[Event "It (active)"]
[Site "masterchessopen.com Lima (Peru)"]
[Round "4"]
[White "Cotrina Moscoso Wilder (PER)"]
[Black "Zuniga Ivan (USA)"]
[Result "1-0"]
[WhiteElo "2177"]
[BlackElo "2069"]

1.d4 d5 2.c4 c6 3.Nf3 Nf6 4.Nc3 e6 5.e3 Nbd7 6.Bd3 dxc4 7.Bxc4 b5 8.Bb3 Bb7
9.O-O Be7 10.Qe2 a6 11.Rd1 O-O 12.e4 Qc7 13.Bg5 h6 14.Bh4 Rfe8 15.Rac1 Rad8
16.e5 Nh7 17.Bxe7 Rxe7 18.Ne4 Qb6 19.Rd2 a5 20.Bc2 Nhf8 21.Bb1 Ng6 22.Nd6 Ndf8
23.Be4 Nf4 24.Qe3 Nd5 25.Bxd5 cxd5 26.Rdc2 Ng6 27.h4 Red7 {#r} 1-0

[Event "It (open)"]
[Site "masterchessopen.com Manhem (Sweden)"]
[Round "0"]
[White "Sakalauskas Vaidas (LTU)"]
[Black "Fagerstrom Bjorn (SWE)"]
[Result "1-0"]
[WhiteElo "2450"]
[BlackElo "2083"]

1.d4 d5 2.c4 c6 3.Nc3 Nf6 4.e3 e6 5.Nf3 Nbd7 6.Bd3 dxc4 7.Bxc4 b5 8.Be2 a6
9.e4 c5 10.e5 Nd5 11.Nxd5 exd5 12.dxc5 Nxc5 13.O-O Ne6 14.Be3 Be7 15.Nd4 Bb7
16.Nxe6 fxe6 17.Bd3 Rc8 18.a4 b4 19.Qg4 Kd7 20.Rac1 g6 21.Qd4 Rxc1 22.Rxc1 Qa8
23.Bd2 Rc8 24.Rxc8 Qxc8 25.Bxb4 Qc6 26.Bxe7 Kxe7 27.Qh4+ {#r} 1-0

[Event "It (open)"]
[Site "masterchessopen.com Recklinghausen (Germany)"]
[Round "8"]
[White "Heckoetter Christian (GER)"]
[Black "Czarnik Josef (GER)"]
[Result "0-1"]
[WhiteElo "2015"]
[BlackElo "2007"]

1.d4 d5 2.Nf3 e6 3.c4 c6 4.Nc3 Nd7 5.e3 Ngf6 6.Bd3 dxc4 7.Bxc4 b5 8.Bd3 Bb7
9.O-O b4 10.Ne2 c5 11.Ng3 Be7 12.Re1 O-O 13.e4 cxd4 14.Nxd4 Ne5 15.Bc2 Rc8
16.Bf4 Nc4 17.e5 Nxb2 18.Qd2 Qd5 19.Ne4 Nc4 20.Qd3 Nxe4 21.Rxe4 Qxe4 22.Qh3
Qxg2+ 23.Qxg2 Bxg2 24.Kxg2 Rfe8 25.Nf3 h6 26.Bb3 g5 {#R} 0-1

[Event "Ch Spain (team) (juniors) (under 16)"]
[Site "masterchessopen.com Segovia (Spain)"]
[Round "5"]
[White "Vives Font Daniel (ESP)"]
[Black "Horcajada Reales Guillermo (ESP)"]
[Result "1-0"]
[WhiteElo "2139"]
[BlackElo "2125"]

1.d4 Nf6 2.Nf3 d5 3.c4 c6 4.e3 e6 5.Nc3 Nbd7 6.Bd3 dxc4 7.Bxc4 b5 8.Be2 Be7
9.O-O O-O 10.b3 b4 11.Na4 c5 12.Bb2 Bb7 13.Rc1 Ne4 14.Qd3 Bf6 15.Rfd1 Bc6
16.Qb1 Be7 17.Nxc5 Nexc5 18.dxc5 Qa5 19.Bd3 Nxc5 20.Bxh7+ Kh8 21.Ne5 Be8
22.Rc4 Bf6 23.Rf4 Qc7 24.Rxf6 gxf6 25.Ng4 e5 26.Qf5 Qe7 {#r} 1-0

[Event "Cup Russia (open)"]
[Site "masterchessopen.com Tomsk (Russia)"]
[Round "2"]
[White "Bocharov Dmitry (RUS)"]
[Black "Pridorozhni Aleksei (RUS)"]
[Result "1-0"]
[WhiteElo "2448"]
[BlackElo "2325"]

1.d4 d5 2.c4 c6 3.Nf3 e6 4.Nc3 Nf6 5.e3 Nbd7 6.Bd3 dxc4 7.Bxc4 b5 8.Be2 a6
9.e4 Bb7 10.e5 Nd5 11.Nxd5 cxd5 12.O-O Be7 13.Ne1 Qb6 14.Be3 Rc8 15.Nd3 a5
16.a3 b4 17.axb4 axb4 18.Nf4 O-O 19.Bd3 f5 20.Qa4 Rc7 21.Qa7 Bc8 22.Qa5 Qxa5
23.Rxa5 Nb8 24.Ra8 Nc6 25.Rc1 g5 26.Rxc8 Rcxc8 27.Nxe6 Rf7 28.Ba6 {#r} 1-0

[Event "Ch Russia (1/2 final)"]
[Site "masterchessopen.com Ufa (Russia)"]
[Round "2"]
[White "Sitdikov R G (RUS)"]
[Black "Semakin Anatolij (RUS)"]
[Result "0-1"]
[WhiteElo "2366"]
[BlackElo "2325"]

1.d4 d5 2.c4 c6 3.Nc3 Nf6 4.e3 e6 5.Nf3 Nbd7 6.Bd3 dxc4 7.Bxc4 b5 8.Be2 Bb7
9.e4 b4 10.e5 bxc3 11.exf6 gxf6 12.bxc3 c5 13.O-O Qc7 14.Rb1 Bd6 15.Bb5 Rd8
16.Re1 Rg8 17.d5 Ke7 18.dxe6 Bxh2+ 19.Kh1 Ne5 20.exf7 Rxg2 21.Bh6 Rxf2
22.Rxe5+ Bxe5 23.f8=Q+ Rxf8 24.Bxf8+ Kxf8 25.Be2 Be4 26.Rb2 Bd4 {#R} 0-1

[Event "Ch Paulista"]
[Site "masterchessopen.com Americana (Brazil)"]
[Round "3"]
[White "Frare Fernando (BRA)"]
[Black "Coelho Luis (BRA)"]
[Result "1-0"]
[WhiteElo "2219"]
[BlackElo "2164"]

1.d4 d5 2.c4 c6 3.Nc3 Nf6 4.e3 e6 5.Nf3 Nbd7 6.Bd3 dxc4 7.Bxc4 b5 8.Bd3 Bb7
9.a3 b4 10.axb4 Bxb4 11.O-O c5 12.Qe2 O-O 13.Rd1 Qe7 14.Bd2 cxd4 15.exd4 a5
16.Bg5 h6 17.Bh4 Qd8 18.Ne5 Be7 19.Bc2 Re8 20.Bb3 Qb6 21.Ba4 Qd6 22.Nxd7 Nxd7
23.Bg3 {#r} 1-0

[Event "Ch Europe (team) (juniors) (under 18) (g)"]
[Site "masterchessopen.com Balatonlelle (Hungary)"]
[Round "5"]
[White "Mietzner Tina (GER)"]
[Black "Larusdottir Aldis (ISL)"]
[Result "1-0"]
[WhiteElo "2134"]
[BlackElo "1968"]

1.d4 d5 2.c4 c6 3.Nf3 Nf6 4.Nc3 e6 5.e3 Nbd7 6.Bd3 dxc4 7.Bxc4 Nb6 8.Bd3 c5
9.O-O Bd7 10.e4 cxd4 11.Nxd4 Qc7 12.Ndb5 Bxb5 13.Nxb5 Qe5 14.Qf3 Bd6 15.Nxd6+
Qxd6 16.Bf4 Qb4 17.Be5 Nbd7 18.Bc3 Qc5 19.Rac1 Ne5 20.Qg3 Nxd3 21.Qxd3 Qg5
22.e5 Nd7 23.Rfd1 Rd8 24.Bb4 Qxe5 25.Qxd7+ {#r} 1-0

[Event "Memorial V.Ciocaltea (open)"]
[Site "masterchessopen.com Bucharest (Romania)"]
[Round "6"]
[White "Onut Simeon (ROM)"]
[Black "Vioreanu Bogdan-Gabriel (ROM)"]
[Result "0-1"]
[WhiteElo "2105"]
[BlackElo "2280"]

1.c4 c6 2.d4 d5 3.Nc3 Nf6 4.Nf3 e6 5.e3 Nbd7 6.Bd3 dxc4 7.Bxc4 b5 8.Bd3 Bb7
9.O-O a6 10.b3 c5 11.Bb2 Be7 12.Rc1 O-O 13.Qe2 Qb6 14.Rfd1 Rac8 15.Ng5 c4
16.Bb1 b4 17.Na4 Qa5 18.d5 c3 19.Ba1 Bxd5 20.f4 h6 {#R} 0-1

[Event "Moravian League 1999/00 (1st)"]
[Site "masterchessopen.com Czech Republic"]
[Round "11"]
[White "Zpevak Pavel (CZE)"]
[Black "Belunek Vladimir (CZE)"]
[Result "1-0"]
[WhiteElo "2358"]
[BlackElo "2258"]

1.d4 Nf6 2.Nf3 e6 3.c4 d5 4.Nc3 c6 5.e3 Nbd7 6.Bd3 dxc4 7.Bxc4 b5 8.Be2 Bb7
9.a3 a6 10.b4 a5 11.Rb1 axb4 12.axb4 Nd5 13.Nxd5 exd5 14.Bd3 Bd6 15.O-O O-O
16.e4 dxe4 17.Bxe4 Nf6 18.Bg5 h6 19.Bxf6 Qxf6 20.Re1 Ra4 21.Qd2 Rfa8 22.Ne5
Ra2 23.Qe3 R8a3 24.Bd3 {#r} 1-0

[Event "Olympiad"]
[Site "masterchessopen.com Istanbul (Turkey)"]
[Round "13"]
[White "Kasimdzhanov Rustam (UZB)"]
[Black "Lesiege Alexandre (CAN)"]
[Result "1-0"]
[WhiteElo "2690"]
[BlackElo "2584"]

1.d4 d5 2.c4 c6 3.Nf3 Nf6 4.Nc3 e6 5.e3 Nbd7 6.Bd3 dxc4 7.Bxc4 b5 8.Bd3 Bb7
9.O-O b4 10.Ne4 Be7 11.Nxf6+ Nxf6 12.e4 O-O 13.e5 Nd7 14.Be4 Rb8 15.a3 bxa3
16.b4 a5 17.bxa5 Qxa5 { DA } 18.Bxa3 { ! } 18...Bxa3 19.Bxh7+ { ! } 19...Kxh7
20.Ng5+ Kg6 ( 20...Kh6 21.Qd3 Kxg5 22.f4+ Kh6 23.Qh3+ Kg6 24.f5+ exf5 25.Qxf5+
Kh6 26.Qh3+ Kg6 27.Rxa3 { +?? } ) 21.Qd3+ f5 22.Nxe6 Ra8 23.Rfb1 { ! }
23...Bc8 ( 23...Rfb8 24.Nf4+ Kf7 25.Qxf5+ Ke7 26.Qe6+ Kd8 27.Qg8+ { +?? } )
24.Rb3 { ! } {#r} 1-0

[Event "Tournament"]
[Site "masterchessopen.com Lima (Peru)"]
[Round "3"]
[White "Suasnabar Jesus (PER)"]
[Black "Quiroz Christian (PER)"]
[Result "0-1"]
[WhiteElo "2009"]
[BlackElo "2102"]

1.d4 Nf6 2.Nf3 d5 3.c4 e6 4.Nc3 c6 5.e3 Nbd7 6.Bd3 dxc4 7.Bxc4 b5 8.Be2 a6
9.O-O c5 10.Qc2 Bb7 11.Ng5 Rc8 12.dxc5 Bxc5 13.a3 h6 14.Nf3 O-O 15.b4 Bd6
16.Bb2 Qc7 17.h3 Ne5 18.Nd4 Nc4 19.Rac1 Nxe3 20.fxe3 Bh2+ 21.Kh1 Bxg2+ 22.Kxg2
Qg3+ 23.Kh1 Qxh3 24.Rxf6 Bf4+ 25.Kg1 Bxe3+ {#R} 0-1

[Event "Tournament (Elo)"]
[Site "masterchessopen.com Melbourne (Australia)"]
[Round "1"]
[White "Bjelobrk Igor (AUS)"]
[Black "Baron Michael (AUS)"]
[Result "0-1"]
[WhiteElo "2137"]
[BlackElo "2269"]

1.d4 d5 2.c4 c6 3.Nc3 Nf6 4.e3 e6 5.Nf3 Nbd7 6.Bd3 dxc4 7.Bxc4 b5 8.Bd3 Bb7
9.e4 b4 10.Na4 c5 11.e5 Nd5 12.O-O cxd4 13.Re1 Be7 14.Nxd4 Qc7 15.Bd2 Nxe5
16.Rc1 Qd6 17.Bb5+ Kf8 18.Nc5 Bc8 19.f4 Qb6 20.Ncb3 Bd7 21.Bf1 Nc6 22.Rc4 Nxd4
23.Nxd4 Bb5 24.Rxb4 Nxb4 {#R} 0-1

[Event "Cup Russia (open)"]
[Site "masterchessopen.com Minsk (Belarus)"]
[Round "2"]
[White "Volkov Sergey Viktorovich (RUS)"]
[Black "Skatchkov Pavel (RUS)"]
[Result "1-0"]
[WhiteElo "2554"]
[BlackElo "2439"]

1.d4 d5 2.c4 c6 3.Nc3 Nf6 4.e3 e6 5.Nf3 Nbd7 6.Bd3 dxc4 7.Bxc4 b5 8.Be2 Bb7
9.O-O a6 10.e4 c5 11.e5 Ne4 12.Nxe4 Bxe4 13.a4 b4 14.Ng5 Bd5 15.Bh5 g6 16.Bf3
Be7 17.Bxd5 exd5 18.e6 Bxg5 19.exd7+ Kf8 20.Bxg5 Qxg5 21.dxc5 {#r} 1-0

[Event "Ch Norway (team) 1999/00"]
[Site "masterchessopen.com Norway"]
[Round "4"]
[White "Glenne Bjorn Erik (NOR)"]
[Black "Lillevold Frode (NOR)"]
[Result "0-1"]
[WhiteElo "2250"]
[BlackElo "2164"]

1.d4 d5 2.c4 e6 3.Nf3 c6 4.Nc3 Nf6 5.e3 Nbd7 6.Be2 dxc4 7.Bxc4 b5 8.Be2 a6
9.O-O c5 10.dxc5 Bxc5 11.a3 Bb7 12.b4 Be7 13.Ra2 Rc8 14.Rc2 O-O 15.Nd4 Nb6
16.Bd3 Bd6 17.f4 Bb8 18.Rff2 Nbd5 19.Nxd5 Qxd5 20.Bb2 Ne4 21.Rxc8 Nxf2
22.Bxh7+ Kxh7 23.Qb1+ f5 24.e4 Nxe4 25.Rxf8 Nd2 26.Nf3 Ba7+ 27.Kh1 Qxf3
28.gxf3 Bxf3# 0-1

[Event "It (open)"]
[Site "masterchessopen.com Pamplona (Spain)"]
[Round "9"]
[White "Izeta Txabarri Felix (ESP)"]
[Black "Navarrete Delgado Sergio (ESP)"]
[Result "1-0"]
[WhiteElo "2456"]
[BlackElo "2101"]

1.d4 d5 2.c4 e6 3.Nf3 Nf6 4.Nc3 c6 5.e3 Nbd7 6.Bd3 dxc4 7.Bxc4 b5 8.Bd3 Bb7
9.O-O Bd6 10.a3 O-O 11.Qc2 Rc8 12.b4 Bb8 13.Bb2 a5 14.h3 h6 15.Ne4 axb4
16.axb4 Nd5 17.Qb3 Re8 18.Rfd1 Qe7 19.Nc5 N7f6 20.e4 Nf4 21.Bf1 g5 22.g3 Ng6
23.Ne5 Kg7 24.Qf3 Nxe5 25.dxe5 Nh7 26.Rd7 {#r} 1-0